000 00712nam a2200265Ia 4500
003 OSt
005 20220918214214.0
006 a|||||r|||| 00| 0
007 ta
008 220917b |||||||| |||| 00| 0 eng d
024 _a136,293
037 _cTextual
040 _aARTS
_cARTS
_beng
041 _2eng
_aeng
082 _aX:8K(D), L8
100 _aClark Forrest D
_9130223
245 0 _aApplied cost engineering
260 _aNew York
_bMarcel Dekker
_c1978
300 _aviii,297p.
_ccm.
490 _aCost engineering; 1
650 _aECONOMICS
700 _a Lorenzoni A B
_9130224
942 _hX:8K(D), L8
_cTEXL
_2CC
999 _c259383
_d259383